Evropská unie - odvětví a infrastruktura

Na minha lista:
Detalhes bibliográficos
Autor principal: Jurová, Marie
Formato: Livro
Idioma:tcheco
Publicado em: Praha Computer Press 1999
Colecção:Business books
Evropská unie
Assuntos:
Tags: Adicionar Tag
Sem tags, seja o primeiro a adicionar uma tag!

MARC

LEADER 00000nam a2200000 4500
001 c117519
005 20221102135146.2
020 |a 80-7226-219-X 
041 0 |a cze 
044 |a CZ 
245 1 0 |a Evropská unie - odvětví a infrastruktura  |c Marie Jurová 
264 1 |a Praha  |b Computer Press  |c 1999 
300 |a 115 s. 
490 1 |a Business books 
830 0 |a Business books 
490 1 |a Evropská unie 
830 0 |a Evropská unie 
610 2 0 |a Európska únia 
610 2 0 |a Európske spoločenstvá 
610 2 0 |a infraštruktúra 
610 2 0 |a infraštruktúra technická 
610 2 0 |a infraštruktúra výrobná 
610 2 0 |a rozvoj vedeckotechnický 
610 2 0 |a prostredie životné 
610 2 0 |a legislatíva 
610 2 0 |a Česko 
610 2 0 |a spoločnosť informačná 
610 2 0 |a spoločnosť industriálna 
610 2 0 |a výroba 
100 1 |a Jurová, Marie